| 000 | 00661nmm a2200265 a 4500 | ||
|---|---|---|---|
| 003 | AR-BaBNM | ||
| 005 | 20251128204942.0 | ||
| 008 | 036019s1992 ||||||||||||||000 | spa|| | ||
| 020 | _a950-9693-28-6 | ||
| 040 | _cAR-BaBNM | ||
| 100 | 1 | _aYupanqui, Atahualpa | |
| 245 | 1 | 0 | _aLa capataza |
| 260 |
_aBuenos Aires _bEdiciones Cinco _c1992 |
||
| 300 | 0 | _a134 p. | |
| 500 | 0 | _aContiene introducción por parte de Josefina Racedo | |
| 650 | 4 | _aLITERATURA ARGENTINA | |
| 650 | 4 | _aLITERATURA FOLKLORICA | |
| 650 | 4 | _aCOSTUMBRES | |
| 650 | 4 | _aPOESIA | |
| 650 | 4 | _aANTOLOGIAS | |
| 650 | 4 | _aMUSICA | |
| 655 | _aLITERATURA | ||
| 942 | _cBK | ||
| 998 | _cisola | ||
| 999 |
_c9465 _d9465 |
||